000 00792nam a2200253 i 4500
001 11555
003 ES-MaACL
005 20250827062556.0
007 t|
008 921217s1992 sp l |||| | spa d
020 _a84-340-0532-8
080 _a69:351.824.1(460)"19"(094.5)
110 1 _aEspaña
_93622
240 1 0 _aLeyes, etc., de la vivienda
245 1 0 _aRégimen jurídico de la construcción de vivienda /
_c[edición preparada por José María García Madaria].
250 _a1ª ed.
260 _aMadrid :
_bBoletín Oficial del Estado,
_c1992.
300 _a2637 p. ;
_c25 cm.
500 _aÍndice.
650 4 _aConstrucción-
_xDerecho-
_zEspaña.
_9161574
700 1 _aGarcía Madaria, José María.
_954874
852 _aES-MaACL
_jL-18941
999 _c11555
_d11555